[Event "Sachsen-ch U16"]
[Site "Sebnitz"]
[Date "2012.04.13"]
[Round "5"]
[White "Humburg, Philipp"]
[Black "Viereck, Marten"]
[Result "0-1"]
[WhiteElo "1827"]
[BlackElo "1905"]
[PlyCount "76"]
[EventDate "2012.04.10"]
[EventType "swiss"]
[EventRounds "7"]
[EventCountry "GER"]
[SourceTitle "CBM 148 Extra"]
[Source "ChessBase"]
[SourceDate "2012.06.22"]
[SourceVersion "1"]
[SourceVersionDate "2012.06.22"]
[SourceQuality "1"]

1. e4 c5 2. Nf3 Nc6 3. d4 cxd4 4. Nxd4 d6 5. Nc3 g6 6. Be3 Bg7 7. Qd2 a6 8. Nd5 Rb8 9. Be2 e6 10. Nc3 Nge7 11. Bf3 0-0 12. 0-0 b5 13. Nxc6 Nxc6 14. Rad1 Be5 15. Be2 Qa5 16. f4 Bxc3 17. Qxc3 Qxc3 18. bxc3 Rd8 19. c4 bxc4 20. Bxc4 Rb4 21. Bd3 d5 22. exd5 exd5 23. Bc5 Rb8 24. Rb1 d4 25. Rxb8 Nxb8 26. Rb1 Be6 27. a3 Kg7 28. Kf2 Rd5 29. Ba7 Nc6 30. Bb6 Bf5 31. Bc4 Rd7 32. Rc1 Rb7 33. Bc5 Rb2 34. Bd5 Rb5 35. Bf8+ Kxf8 36. Bxc6 Rb2 37. Kf3 Bxc2 38. Be4 Rb3+ 0-1

[Event "GER-chT U14"]
[Site "Magdeburg"]
[Date "2010.12.28"]
[Round "4.1"]
[White "Viereck, Marten"]
[Black "Noe, Christopher"]
[Result "1-0"]
[WhiteElo "1836"]
[BlackElo "2046"]
[PlyCount "115"]
[EventDate "2010.12.27"]
[EventType "team-swiss"]
[EventRounds "7"]
[EventCountry "GER"]
[SourceTitle "CBM 140 Extra"]
[Source "ChessBase"]
[SourceDate "2011.03.01"]
[SourceVersion "1"]
[SourceVersionDate "2011.03.01"]
[SourceQuality "1"]
[WhiteTeam "Dresden Striessen"]
[BlackTeam "Eppingen"]
[WhiteTeamCountry "GER"]
[BlackTeamCountry "GER"]

1. Nf3 c5 2. g3 g6 3. Bg2 Bg7 4. 0-0 Nc6 5. c4 e6 6. e4 Nge7 7. Nc3 0-0 8. d3 a6 9. Be3 Nd4 10. Qd2 Re8 11. Ne2 Nec6 12. Nexd4 cxd4 13. Bh6 Bh8 14. Ng5 Ne5 15. Qe2 Qb6 16. b3 f6 17. f4 Nc6 18. Nh3 Nd8 19. Qg4 Nf7 20. Qh4 d6 21. Rf2 Qa5 22. g4 Bd7 23. Raf1 Qd8 24. g5 Bc6 25. gxf6 Bxf6 26. Ng5 Nxh6 27. Qxh6 Qe7 28. Bh3 Bd7 29. Rg2 Qg7 30. Qxg7+ Bxg7 31. Re2 Re7 32. e5 dxe5 33. fxe5 Bh6 34. Rg2 Rf8 35. Rxf8+ Kxf8 36. Rg4 Bc6 37. Bg2 Kg7 38. h4 Bxg5 39. hxg5 Bxg2 40. Kxg2 Rd7 41. Rh4 Kh8 42. Kg3 a5 43. a3 b6 44. Rf4 Kg7 45. Rf6 Re7 46. Kf4 h6 47. gxh6+ Kxh6 48. Kg4 Re8 49. b4 axb4 50. axb4 Re7 51. b5 Kg7 52. Kg5 Re8 53. Rxg6+ Kf7 54. Rh6 Rg8+ 55. Kf4 Rg7 56. Rf6+ Ke7 57. Ke4 Rg4+ 58. Rf4 1-0

[Event "Dresden ZMD op"]
[Site "Dresden"]
[Date "2010.07.16"]
[Round "7"]
[White "Viereck, Marten"]
[Black "Schamschurko, Victor"]
[Result "0-1"]
[WhiteElo "1915"]
[BlackElo "1672"]
[PlyCount "90"]
[EventDate "2010.07.10"]
[EventType "swiss"]
[EventRounds "9"]
[EventCountry "GER"]
[SourceTitle "CBM 137 Extra"]
[Source "ChessBase"]
[SourceDate "2010.09.01"]
[SourceVersion "1"]
[SourceVersionDate "2010.09.01"]
[SourceQuality "1"]

1. Nf3 Nf6 2. g3 g6 3. Bg2 Bg7 4. 0-0 0-0 5. d4 d6 6. c4 Nc6 7. b3 Bf5 8. Bb2 Be4 9. Nbd2 Bxf3 10. Nxf3 Nd7 11. e4 e5 12. d5 Ne7 13. b4 a5 14. a3 axb4 15. axb4 Rxa1 16. Qxa1 c5 17. dxc6 bxc6 18. c5 dxc5 19. bxc5 Qc7 20. Rc1 Qb7 21. Nxe5 Ra8 22. Qb1 Bxe5 23. Bxe5 Qxb1 24. Rxb1 Nxe5 25. Rb7 Ra1+ 26. Bf1 Kf8 27. Kg2 Rc1 28. Rb8+ Kg7 29. Re8 Kf6 30. f4 Rc2+ 31. Kh3 Nd7 32. g4 Nxc5 33. e5+ Ke6 34. Rd8 Nd5 35. Rd6+ Ke7 36. Rxc6 Nxf4+ 37. Kg3 Ne4+ 38. Kxf4 Rxc6 39. Kxe4 Rc1 40. Bg2 Ke6 41. Kf4 Rc4+ 42. Kg5 Kxe5 43. Bb7 f6+ 44. Kh6 Rxg4 45. Kxh7 g5 0-1

[Event "Sachsen-ch U14"]
[Site "Sebnitz"]
[Date "2009.04.17"]
[Round "7"]
[White "Ruehrmund, Daniel"]
[Black "Viereck, Marten"]
[Result "1-0"]
[WhiteElo "1713"]
[BlackElo "1542"]
[PlyCount "21"]
[EventDate "2009.04.14"]
[EventType "swiss"]
[EventRounds "7"]
[EventCountry "GER"]
[SourceTitle "EXT 2010"]
[Source "ChessBase"]
[SourceDate "2010.11.25"]
[SourceVersion "1"]
[SourceVersionDate "2010.11.25"]
[SourceQuality "1"]

1. e4 e5 2. Nf3 Nf6 3. Nxe5 d6 4. Nf3 Nxe4 5. Nc3 Nxc3 6. dxc3 Qe7+ 7. Be2 Bg4 8. 0-0 Nd7 9. Be3 g6 10. Qd4 f6 11. Qxg4 1-0

[Event "GER-chT Lands U20"]
[Site "Dresden"]
[Date "2008.11.17"]
[Round "6.7"]
[White "Viereck, Marten"]
[Black "Schmitt, Carsten"]
[Result "1-0"]
[WhiteElo "1353"]
[BlackElo "1383"]
[PlyCount "55"]
[EventDate "2008.11.14"]
[EventType "team-swiss"]
[EventRounds "7"]
[EventCountry "GER"]
[SourceTitle "EXT 2010"]
[Source "ChessBase"]
[SourceDate "2010.11.25"]
[SourceVersion "1"]
[SourceVersionDate "2010.11.25"]
[SourceQuality "1"]
[WhiteTeam "Sachsen II"]
[BlackTeam "Saarland"]
[WhiteTeamCountry "GER"]
[BlackTeamCountry "GER"]

1. Nf3 d5 2. d4 Nf6 3. c4 Bf5 4. Nc3 e6 5. a3 c6 6. cxd5 exd5 7. Bg5 Be7 8. e3 Nbd7 9. Bd3 h6 10. Bxf6 Bxd3 11. Bxe7 Qxe7 12. Qxd3 Nf6 13. 0-0 Ne4 14. Ne5 Ng5 15. f4 Ne6 16. b4 h5 17. b5 Rc8 18. Rfc1 Nd8 19. bxc6 bxc6 20. Nxd5 Qe6 21. Nb4 Rh6 22. d5 cxd5 23. Rxc8 Qxc8 24. Qxd5 a5 25. Nbc6 Rxc6 26. Nxc6 Qxc6 27. Rd1 Qb6 28. Qd7+ 1-0

[Event "GER-ch U12"]
[Site "Willingen"]
[Date "2008.05.16"]
[Round "10"]
[White "Viereck, Marten"]
[Black "Hoepfner, Tim"]
[Result "0-1"]
[WhiteElo "1414"]
[BlackElo "1766"]
[PlyCount "112"]
[EventDate "2008.05.11"]
[EventType "swiss"]
[EventRounds "11"]
[EventCountry "GER"]
[SourceTitle "CBM 124 Extra"]
[Source "ChessBase"]
[SourceDate "2008.07.03"]
[SourceVersion "1"]
[SourceVersionDate "2008.07.03"]
[SourceQuality "1"]

1. d4 Nf6 2. c4 g6 3. Nc3 Bg7 4. e4 d6 5. Nf3 0-0 6. Be2 e5 7. Be3 Ng4 8. Qd3 Nxe3 9. Qxe3 Nc6 10. d5 Nd4 11. Rc1 f5 12. Nd2 f4 13. Qd3 Nxe2 14. Qxe2 Kh8 15. b4 a6 16. Nb3 Bh6 17. f3 g5 18. h3 Qe8 19. c5 Bd7 20. Na5 Rb8 21. Qc2 Qh5 22. Kd2 Rfc8 23. a4 Bf8 24. c6 bxc6 25. dxc6 Be6 26. Nb7 Qf7 27. Rb1 Re8 28. b5 axb5 29. Rxb5 Bc4 30. Ra5 Ra8 31. Rb1 d5 32. Rxd5 Bxd5 33. Nxd5 Ra6 34. a5 Qg6 35. Rc1 Re6 36. Nd8 Rd6 37. Qc4 Rxd8 38. Qxa6 Qd6 39. Qd3 Ra8 40. a6 Qa3 41. Qxa3 Bxa3 42. Nxc7 Bxc1+ 43. Kxc1 Ra7 44. Nb5 Rxa6 45. c7 Rc6+ 46. Kb2 Kg7 47. Kb3 Kf6 48. Nc3 Ke6 49. Nd5 Kd7 50. Kb4 Rc2 51. Kb5 Rxg2 52. Kb6 Rb2+ 53. Kc5 h6 54. Kc4 Rf2 55. Kb5 Rxf3 56. Ka6 Rb3 0-1

[Event "GER-ch U12"]
[Site "Willingen"]
[Date "2008.05.14"]
[Round "6"]
[White "Viereck, Marten"]
[Black "Hellwig, Immo"]
[Result "1-0"]
[WhiteElo "1414"]
[BlackElo "1278"]
[PlyCount "131"]
[EventDate "2008.05.11"]
[EventType "swiss"]
[EventRounds "11"]
[EventCountry "GER"]
[SourceTitle "CBM 124 Extra"]
[Source "ChessBase"]
[SourceDate "2008.07.03"]
[SourceVersion "1"]
[SourceVersionDate "2008.07.03"]
[SourceQuality "1"]

1. e4 d5 2. exd5 Qxd5 3. Nc3 Qa5 4. Bc4 Nf6 5. Nge2 Bg4 6. 0-0 Qh5 7. Qe1 Nc6 8. Ng3 Qc5 9. d3 e6 10. Be3 Qd6 11. Nb5 Qd7 12. Bf4 Bd6 13. Nxd6+ cxd6 14. h3 Bh5 15. Nxh5 Nxh5 16. Bh2 Nd4 17. Qa5 d5 18. Bb3 0-0 19. Qb4 Ne2+ 20. Kh1 a5 21. Qg4 Nhf4 22. Bxf4 Nxf4 23. Qxf4 a4 24. Bxd5 Qxd5 25. Qe4 Qxe4 26. dxe4 Rac8 27. Rfc1 Rc4 28. f3 Rfc8 29. c3 a3 30. Rab1 axb2 31. Rxb2 Rb8 32. Rcb1 Rc7 33. c4 Kf8 34. Rb4 Ke7 35. c5 Kd7 36. Rb6 Kc8 37. R6b5 Rc6 38. a4 Kc7 39. a5 Ra6 40. Kh2 Ra7 41. Kg3 Rc8 42. Kf4 Rd8 43. Rb6 Rd4 44. g3 Rc4 45. R1b5 Ra4 46. h4 R4xa5 47. Rxb7+ Rxb7 48. Rxa5 Kd7 49. Ra8 Rc7 50. Rh8 h6 51. Rh7 Rxc5 52. Rxg7 Ke7 53. Rh7 h5 54. Rg7 Kf6 55. Rg5 e5+ 56. Ke3 Ra5 57. Rxh5 Ra3+ 58. Kf2 Ra2+ 59. Kg1 Ke6 60. Rf5 f6 61. h5 Ra8 62. Kh2 Rh8 63. Kh3 Rh7 64. Kh4 Kf7 65. g4 Kg7 66. g5 1-0

[Event "Sachsen-ch U10"]
[Site "Sebnitz"]
[Date "2005.03.31"]
[Round "5"]
[White "Viereck, Marten"]
[Black "Koelbel, Ole"]
[Result "0-1"]
[WhiteElo "868"]
[BlackElo "972"]
[PlyCount "96"]
[EventDate "2005.03.29"]
[EventType "swiss"]
[EventRounds "7"]
[EventCountry "GER"]
[SourceTitle "EXT 2007"]
[Source "ChessBase"]
[SourceDate "2006.11.23"]
[SourceVersion "1"]
[SourceVersionDate "2006.11.23"]
[SourceQuality "1"]

1. e4 c5 2. c4 d6 3. Nc3 Nf6 4. Nf3 g6 5. d3 Bg7 6. g3 0-0 7. Bg2 Nc6 8. Be3 Be6 9. 0-0 Qd7 10. Qd2 Bh3 11. Bxh3 Qxh3 12. Ng5 Qh5 13. h4 Qg4 14. b3 h6 15. Nxf7 Rxf7 16. Bxh6 Nd4 17. Kg2 Qf3+ 18. Kg1 Ng4 19. Bf4 e5 20. Be3 Nxe3 21. Qxe3 Qxe3 22. fxe3 Rxf1+ 23. Rxf1 Nc2 24. Rf3 Rf8 25. Rxf8+ Kxf8 26. Kf2 Bh6 27. Nd5 a5 28. g4 Nb4 29. Nxb4 axb4 30. g5 Bg7 31. Ke2 Ke7 32. Kd2 Kd7 33. Kc2 Kc6 34. Kb2 b5 35. a4 bxa4 36. bxa4 Kb6 37. Ka2 Ka6 38. Kb2 Ka5 39. Kb3 Bf8 40. Kb2 Kxa4 41. Ka2 b3+ 42. Kb2 Kb4 43. Kb1 Kc3 44. Kc1 b2+ 45. Kb1 Bg7 46. Ka2 Kc2 47. Ka3 b1Q 48. Ka4 Qb4# 0-1

[Event "Sachsen-ch U10"]
[Site "Sebnitz"]
[Date "2005.03.29"]
[Round "2"]
[White "Viereck, Marten"]
[Black "Scherf, Maximilian"]
[Result "1-0"]
[WhiteElo "868"]
[BlackElo "1042"]
[PlyCount "133"]
[EventDate "2005.03.29"]
[EventType "swiss"]
[EventRounds "7"]
[EventCountry "GER"]
[SourceTitle "EXT 2007"]
[Source "ChessBase"]
[SourceDate "2006.11.23"]
[SourceVersion "1"]
[SourceVersionDate "2006.11.23"]
[SourceQuality "1"]

1. e4 e5 2. Nf3 Nc6 3. Bc4 Nf6 4. Nc3 Bc5 5. d3 h6 6. 0-0 d6 7. h3 0-0 8. Be3 Bb6 9. Nd5 Bxe3 10. Nxe3 a6 11. Bd5 Nxd5 12. Nxd5 Be6 13. Ne3 Qf6 14. Ne1 Nd4 15. c3 Nc6 16. Qf3 Qxf3 17. Nxf3 Rfd8 18. d4 exd4 19. cxd4 Bd7 20. d5 Na7 21. Rfc1 c6 22. b4 Kf8 23. Nc4 cxd5 24. exd5 b5 25. Nb6 Rab8 26. Nxd7+ Rxd7 27. Nd4 Rc8 28. a3 Rxc1+ 29. Rxc1 Rd8 30. Nc6 Nxc6 31. Rxc6 Re8 32. Rxd6 Re5 33. f4 Rf5 34. g3 Ke7 35. Rxa6 Rxd5 36. Kf2 g5 37. Rxh6 gxf4 38. gxf4 Rd3 39. Rb6 Rxh3 40. Rxb5 Rxa3 41. f5 Ra8 42. Ke3 Rd8 43. Rc5 Rb8 44. b5 Kd6 45. Kd4 Rb6 46. Rd5+ Ke7 47. Kc5 Rb8 48. b6 Rc8+ 49. Kb5 Rd8 50. Rc5 Rb8 51. Ka6 Kd6 52. Rc1 Ke5 53. Rf1 Kd6 54. Ka7 Rf8 55. Re1 Kc6 56. b7 Kc7 57. Rc1+ Kd6 58. Rc8 Rxc8 59. bxc8Q Ke5 60. Qd7 Kf6 61. Kb6 Kg7 62. Kc5 Kf6 63. Kd5 Kg7 64. Ke5 Kf8 65. Kf6 Kg8 66. Qxf7+ Kh8 67. Qg7# 1-0